UM Logo

Improvement of lithium-ion battery charging from the state-of-the-art industrial JEITA guidelines to a hybrid temperature-regulated current control / (Record no. 19397)

MARC details
000 -LEADER
fixed length control field 00952nam a22002057a 4500
003 - CONTROL NUMBER IDENTIFIER
control field OSt
005 - DATE AND TIME OF LATEST TRANSACTION
control field 20250911100053.0
008 - FIXED-LENGTH DATA ELEMENTS--GENERAL INFORMATION
fixed length control field 240228b ||||| |||| 00| 0 eng d
040 ## - CATALOGING SOURCE
Transcribing agency 0
082 ## - DEWEY DECIMAL CLASSIFICATION NUMBER
Classification number DPer 621.317 Ie21 June 2022 v. 37 n. 6
100 ## - MAIN ENTRY--PERSONAL NAME
Personal name Liang, Hui-Wen Rebecca.
Relator term author.
9 (RLIN) 53501
245 ## - TITLE STATEMENT
Title Improvement of lithium-ion battery charging from the state-of-the-art industrial JEITA guidelines to a hybrid temperature-regulated current control /
Statement of responsibility, etc. Hui-Wen Rebecca Liang, Yun Yang, and Shu Yuen Ron Hui.
260 ## - PUBLICATION, DISTRIBUTION, ETC. (IMPRINT)
Place of publication, distribution, etc. New York ;
Name of publisher, distributor, etc. The Institute of Electrical and Electronics Engineers, Inc. ,
Date of publication, distribution, etc. June 2022.
300 ## - PHYSICAL DESCRIPTION
Extent Volume 37, pages 6412-6423 :
Other physical details illustration ;
Dimensions 29 cm.
500 ## - GENERAL NOTE
General note IEEE Transactions on Power Electronics, vol. 37, no. 6, pages 6412-6423, June 2022.
700 ## - ADDED ENTRY--PERSONAL NAME
Personal name Liang, Hui-Wen Rebecca.
Relator term author.
9 (RLIN) 53501
700 ## - ADDED ENTRY--PERSONAL NAME
Personal name Yang, Yun.
Relator term author.
9 (RLIN) 53502
700 ## - ADDED ENTRY--PERSONAL NAME
Personal name Hui, Shu Yuen Ron.
Relator term author.
9 (RLIN) 53503
942 ## - ADDED ENTRY ELEMENTS (KOHA)
Source of classification or shelving scheme Dewey Decimal Classification
Koha item type Periodicals
Holdings
Withdrawn status Lost status Source of classification or shelving scheme Damaged status Not for loan Collection code Home library Current library Date acquired Total Checkouts Full call number Date last seen Price effective from Koha item type Public note
    Dewey Decimal Classification     Periodicals UM Digos College - LIC UM Digos College - LIC 02/28/2024   DPer 621.317 Ie21 June 2022 v.37 n. 6 02/28/2024 02/28/2024 Periodicals Periodical Article